| 000 | 00495 a2200169 4500 | ||
|---|---|---|---|
| 020 | _a8172243979 | ||
| 040 |
_aDLC _bDLC |
||
| 082 | _a659.2 | ||
| 100 | _aWinner, Paul. | ||
| 245 |
_aEffective PR management: a guide to corporate survival _cPaul Winner. |
||
| 250 | _a2nd ed. | ||
| 260 |
_aNew Delhi : _bJaico Publishing House, _c1995. |
||
| 300 |
_a194 p. ; _c22 cm. |
||
| 500 | _aIncludes index. | ||
| 650 | _a1.Corporation--Public relations. 2.Corporate image. | ||
| 942 |
_cBK _k659.2 WIN _2ddc |
||
| 999 |
_c8844 _d8844 |
||